El niño impedido : sus dificultades, su drama, su curación /

Guardado en:
Autor Principal: Van, Roy Fabienne
Formato: Libro
Publicado: Buenos Aires : Kapelusz, 1960
Materias:
Etiquetas: Agregar Etiqueta
Sin Etiquetas, Sea el primero en etiquetar este registro!
LEADER 00730nam a22002055a 4500
001 CEM.cems006432
005 20060214000000.0
008 130507s1960##################000#0#####d
003 CEMS
082 0 4 |a 136.76 
100 1 |a Van, Roy Fabienne 
245 1 0 |a El niño impedido :  |b sus dificultades, su drama, su curación / 
260 |a Buenos Aires :  |b Kapelusz,  |c 1960 
300 |a 238 p. 
505 0 |a Separata de la obra: Historia y elementos de la sociologia del conocimiento. Bs.As., Eudeba, 1964. Dirigida por Horowitz, Irving. Cap.3. 
653 |a Niños impedidos 
653 |a Niños-frustracion 
653 |a Psicología del niño 
653 |a Test de resenzweig 
859 |a CEMS  |b BIB. CEMS - 11 de abril  |h 136.76  |i V358  |p 15383.89  |t Ej.1